000 00936nas a2200289 4500
001 BR0901682
003 BR-BrBNA
005 20231205112623.0
007 ta
008 230509b bl.|||p| |||| 00| 00por d
040 _aBR-BrBNA
_bpor
_cBiblioteca Nacional de Agricultura
041 _a(Pt)
072 _aL20
100 1 _aGuimarães, M.C. de C.
100 1 _aBaeta, F. da C.
100 1 _aTibiriça, A.C.G.
100 1 _aTinoco, I. de F.F.
100 1 _aMenegali, I.
100 1 _aMoreira, F.V.
245 1 _aMetodologia para analise de projeto de sistemas intensivos de bovinos de corte com utilização do SLP (Systematic Layout Planning)
650 _aGADO DE CORTE
650 _aBEM-ESTAR
650 _aINSTALAÇÃO PARA ANIMAL
773 0 _tEngenharia na Agricultura (Brazil)
_xISSN 1414-3984
_g(Jul-Sep 2008), v. 16(3) p. 285-298
_wBR0901682
909 _a202311
_bLúcia
_c55
_dLúcia Elande
942 _2AGRIS
_n0
_cANA
999 _c199004
_d199004